[Event "Charleroi op"]
[Site "Charleroi"]
[Date "2010.08.04"]
[Round "6"]
[White "Russo, Julien"]
[Black "Leloutre, Bernard"]
[Result "1-0"]
[WhiteElo "2084"]
[BlackElo "1883"]
[PlyCount "73"]
[EventDate "2010.07.31"]
[EventType "swiss"]
[EventRounds "9"]
[EventCountry "BEL"]
[SourceTitle "CBM 137 Extra"]
[Source "ChessBase"]
[SourceDate "2010.09.01"]
[SourceVersion "1"]
[SourceVersionDate "2010.09.01"]
[SourceQuality "1"]

1. e4 e6 2. d4 d5 3. Nd2 a6 4. Ngf3 c5 5. dxc5 Bxc5 6. Bd3 Nf6 7. exd5 exd5 8. 0-0 0-0 9. Nb3 Bb6 10. h3 Qd6 11. Nbd4 Nc6 12. c3 Be6 13. Re1 Nxd4 14. cxd4 h6 15. Be3 Rac8 16. Ne5 Ne4 17. Bf4 Bxd4 18. Bxe4 dxe4 19. Rxe4 Rfd8 20. Qe2 Qb6 21. Rd1 Bf5 22. Rexd4 Rxd4 23. Be3 Rxd1+ 24. Qxd1 Qxb2 25. Qd6 Qxa2 26. Nf3 Qe6 27. Qf4 Be4 28. Nd4 Qg6 29. f3 Bc6 30. Nf5 Re8 31. Bd4 f6 32. Bc5 Qf7 33. Nd6 Qd7 34. Qc4+ Kh7 35. Qc2+ Kh8 36. Qg6 Rg8 37. Nf7+ 1-0